| 000 | 00386 a2200133 4500 | ||
|---|---|---|---|
| 005 | 20250628080147.0 | ||
| 020 | _a1-55775-385-7 | ||
| 082 | _a338.5 | ||
| 100 | _aINTERNATIONAL MONENTARY FUND, | ||
| 245 | _aInternational Monetary Fund, | ||
| 260 |
_aWashington DC, _bInternational Monetary Fund, Publication Services, _c1994. |
||
| 300 |
_ax.; 186p: ill,; table, _c28cm. |
||
| 942 |
_2ddc _cBKS |
||
| 999 |
_c5859 _d5859 |
||